00430nam a22001337a 4500003000500000038001800005082000800023100002300031245009600054300002500150650003100175700003300206856005700239NUST aNusrat Nadeem a200 aShahid, Waleed Bin aThwarting and Analyzing Web Application Attacks Through Cyber Deception/cWaleed Bin Shahid a114,p;bill;c30,cm. aPh.D-Information Security  a Supervisor: Dr. Baber Aslam uhttp://10.250.8.41:8080/xmlui/handle/123456789/30646